00821nam a22002417a 450000500170000001000150001702000260003203500130005803700130007108200140008410000160009824500760011426000330019027000500022330000250027349000460029865000170034465000100036170000240037194200280039599900170042395201390044020100813115918.0 aENG-100452 c245.00a9788186685129 aEN-83985 bDBAD/PUB a793.31954 aRaja913205 aKuchipudik / cby Raja [and] Radha Reddy ; Photograpes Avinash Pasricha aNew DelhibWisdom Treec2004 aC-209/1 Mayapuri, Phase-IIbNew Delhie110064 a96p.c16cm (Hb)bill aDances of India ; Alka Raghuvanshi913206 aDance913207 aIndia 913048aReddy, Radha 2ddccENh793.31954mRAJ c41839d41839 001040718NFICaDBADbDBADd2010-08-14eDBAD/PUBg245.00l0o793.31954 RAJpEN-83985r2010-08-14 00:00:00t1v254.00w2010-08-14yEN